Lesbian & Gay community services centre : 1997-1998 annual report /

Guardat en:
Dades bibliogràfiques
Autor corporatiu: Lesbian & Gay Community Services Centre (Autor)
Format: Llibre
Idioma:anglès
Publicat: New York : LGCSC, 1998
Etiquetes: Afegir etiqueta
Sense etiquetes, Sigues el primer a etiquetar aquest registre!

MARC

LEADER 00000nam a22000007i 4500
001 IT\ICCU\UBO\3555451
003 ItRI
005 20260115232224.0
008 090116s1998 xxu|||||| ||||| |||||c
040 |b ita  |c importazione bologna sebina 
041 7 |a eng  |2 ISO-639-2 
110 2 |a Lesbian & Gay Community Services Centre  |0 IT\ICCU\UBOV\300416  |4 aut 
245 0 0 |a Lesbian & Gay community services centre :  |b 1997-1998 annual report /  |c Lesbian & Gay Community Services Centre. 
260 |a New York :  |b LGCSC,  |c 1998 
300 |a 136 p. :  |b ill. ;  |c 28 cm. 
942 |2 ddc  |c BK  |n 0 
952 |0 0  |1 0  |4 0  |6 DOC_306_766000000000000_LES  |7 0  |9 22271  |a BO  |b BO  |d 2026-01-15  |i 3925  |l 0  |o DOC 306.766 LES  |p BO3925  |r 2026-01-15 23:22:24  |w 2026-01-15  |x [Sebina 5] [1 v.]  |y BK  |z 1 v. (2. copia) 
952 |0 0  |1 0  |4 0  |6 DOC_306_766000000000000_LES  |7 0  |9 22272  |a BO  |b BO  |d 2026-01-15  |i 5516  |l 0  |o DOC 306.766 LES  |p BO5516  |r 2026-01-15 23:22:24  |w 2026-01-15  |x [Sebina 5] [1 v.]  |y BK  |z 1 v. 
999 |c 19023  |d 19023